000 00311 a2200145 4500
001 48060
040 _cAnchieta - Aquarius
100 _aAlencar, José de
240 1 0 _aO Sertanejo
_lpor
245 1 0 _aO Sertanejo
300 _a152
440 1 _aMelhoramentos
650 4 _aLiteratura brasileira
942 _cBK
999 _c48060
_d48060